| 000 | 01691nam a2200457 i 4500 | ||
|---|---|---|---|
| 001 | 33820 | ||
| 003 | KOSZ 005 | ||
| 005 | 20221215100455.0 | ||
| 008 | 981117s1998 pl a f f |000 0 pol | ||
| 015 | _aPB 1998/15031 | ||
| 020 | _a8387665029 | ||
| 020 | _a838766510X | ||
| 040 |
_aWA N _cWA N _dKOSZ 005/HR |
||
| 041 | 0 | _apol | |
| 046 | _k1998 | ||
| 080 | _a658.1/.5 | ||
| 080 | _a(075.3) | ||
| 100 | 1 |
_aChudy, Stanisław _eAutor |
|
| 245 | 1 | 0 |
_aEkonomika i organizacja przedsiębiorstw : _bpodręcznik. _nCz. 1 / _cStanisław Chudy, Franciszek Kabat, Marian Pietraszewski. |
| 250 | _aWyd. 5. | ||
| 260 |
_aPoznań : _b"eMPi²", _c1998. |
||
| 300 |
_a215, [1] s. : _brys., 2 wykr. ; _c24 cm. |
||
| 336 |
_2rdacontent _aTekst _btxt |
||
| 337 |
_2rdamedia _aBez urządzenia pośredniczącego _bn |
||
| 338 |
_2rdacarrier _aWolumin _bnc |
||
| 380 | _aKsiążki | ||
| 388 | _a1901-2000 | ||
| 388 | _a1989-2000 | ||
| 490 | 1 | _aMateriały i Podręczniki Mariana Pietraszewskiego. | |
| 521 | 8 | _aPodręcznik dla zawodu technika ekonomisty - specjalność ekonomika i organizacja przedsiębiorstw. | |
| 650 | 4 | _aEkonomika przedsiębiorstwa | |
| 655 | 4 | _aPodręczniki dla szkół zawodowych | |
| 658 | _aGospodarka, ekonomia, finanse | ||
| 658 | _aZarządzanie i marketing | ||
| 700 | 1 |
_aPietraszewski, Marian _eAutor |
|
| 700 | 1 |
_aKabat, Franciszek _eAutor |
|
| 710 | 2 |
_aWydawnictwo eMPi² Mariana Pietraszewskiego _4pbl. |
|
| 830 | 0 | _aMateriały i Podręczniki Mariana Pietraszewskiego | |
| 856 |
_uhttp://koha.tu.koszalin.pl/cgi-bin/koha/opac-detail.pl?biblionumber=33820 _yKatalog online BPK |
||
| 942 |
_2UKD _cKS |
||
| 999 |
_c33820 _d33820 |
||